Estrategias de competitividad, productividad, recursos humanos, y empleo en los 90 / (Registro nro. 11799)
[ vista simple ]
| 000 -LEADER | |
|---|---|
| fixed length control field | 01294nam a2200265Ia 4500 |
| 003 - CONTROL NUMBER IDENTIFIER | |
| control field | OSt |
| 005 - DATE AND TIME OF LATEST TRANSACTION | |
| control field | 20210528111302.0 |
| 008 - FIXED-LENGTH DATA ELEMENTS--GENERAL INFORMATION | |
| fixed length control field | 210310s1996 en gr 000 0 spa d |
| 020 ## - INTERNATIONAL STANDARD BOOK NUMBER | |
| International Standard Book Number | 9223103533 |
| 022 ## - INTERNATIONAL STANDARD SERIAL NUMBER | |
| Source | 10149570 |
| 040 ## - CATALOGING SOURCE | |
| Original cataloging agency | CO-JMCR |
| Transcribing agency | CO-JMCR |
| 041 0# - LANGUAGE CODE | |
| Language code of text/sound track or separate title | spa |
| 082 04 - DEWEY DECIMAL CLASSIFICATION NUMBER | |
| Classification number | 331.118 / |
| Item number | O231e |
| Edition number | 23 |
| 110 2# - MAIN ENTRY--CORPORATE NAME | |
| Corporate name or jurisdiction name as entry element | Oficina Internacional del Trabjao |
| 9 (RLIN) | 38005 |
| 245 10 - TITLE STATEMENT | |
| Title | Estrategias de competitividad, productividad, recursos humanos, y empleo en los 90 / |
| Statement of responsibility, etc. | Oficina Internacional del Trabajo ; Lía Guterman |
| 260 ## - PUBLICATION, DISTRIBUTION, ETC. | |
| Place of publication, distribution, etc. | Lima : |
| Name of publisher, distributor, etc. | Oficina Internacional del Trabajo, |
| Date of publication, distribution, etc. | 1996 |
| 300 ## - PHYSICAL DESCRIPTION | |
| Extent | 95 páginas : |
| Other physical details | ilustraciones y gráficas en blanco y negro ; |
| Dimensions | 28 cm. |
| 490 0# - SERIES STATEMENT | |
| Series statement | Proyecto regional "Cambio tecnológico y mercado de trabajo" ; |
| Volume/sequential designation | 44. |
| 504 ## - BIBLIOGRAPHY, ETC. NOTE | |
| Bibliography, etc. note | Bibliografía : páginas [97]. |
| 505 0# - FORMATTED CONTENTS NOTE | |
| Formatted contents note | Visión general de la economía colombiana. -- Características principales del sector industrial: 1975-1990. -- El sector de alimentos. -- La industria metalúrgica y metalmecánica. -- Resultados del cuestionario en la industria de alimentos y bebidas. -- Resultados del cuestionario de metalmecánico. |
| 650 14 - SUBJECT ADDED ENTRY--TOPICAL TERM | |
| Topical term or geographic name entry element | Recurso humanos |
| General subdivision | Empleo |
| 9 (RLIN) | 38006 |
| 650 24 - SUBJECT ADDED ENTRY--TOPICAL TERM | |
| Topical term or geographic name entry element | Producción industrial |
| General subdivision | Economía |
| 9 (RLIN) | 38007 |
| 700 1# - ADDED ENTRY--PERSONAL NAME | |
| Personal name | Guterman, Lía, |
| Relator term | coautora |
| 9 (RLIN) | 38008 |
| 942 ## - ADDED ENTRY ELEMENTS (KOHA) | |
| Source of classification or shelving scheme | Dewey Decimal Classification |
| Koha item type | Books |
| Withdrawn status | Lost status | Source of classification or shelving scheme | Damaged status | Not for loan | Home library | Current library | Shelving location | Date acquired | Source of acquisition | Full call number | Barcode | Date last seen | Copy number | Price effective from | Koha item type |
|---|---|---|---|---|---|---|---|---|---|---|---|---|---|---|---|
| Dewey Decimal Classification | Biblioteca Pública José María del Castillo y Rada | Biblioteca Pública José María del Castillo y Rada | General Stacks | 04/15/2018 | Donación | 331.118 / O231e | 430002766 | 05/16/2024 | Ej.1 | 03/10/2021 | Books |